Yamanote-Linie - Tokio Japan - Statistiken

Allgemein
  • Dieses Quiz wurde 139 mal gespielt
  • Das Durchschnittsergebnis liegt bei 15 aus 30
Antworten auf der Karte
Die Antworten werden auf der Karte rot bzw. grün angezeigt, abhängig davon wie oft sie richtig erraten wurden.
 
Antwortstatistiken
Bahnhof % Korrekt
Shinjuku
92%
Shibuya
90%
Tokyo
87%
Ueno
78%
Akihabara
74%
Harajuku
71%
Shinagawa
63%
Ikebukuro
62%
Kanda
58%
Yoyogi
51%
Nippori
47%
Ebisu
46%
Takadanobaba
45%
Meguro
44%
Nishi-Nippori
44%
Shinbashi
44%
Hamamatsu-cho
41%
Tabata
41%
Osaki
40%
Uguisudani
40%
Gotanda
38%
Okachimachi
37%
Shin-Okubo
37%
Takanawa Gateway
37%
Yurakucho
37%
Otsuka
32%
Tamachi
28%
Mejiro
27%
Sugamo
26%
Komagome
21%
Keine übereinstimmenden Quizze gefunden
Verteilung der Resultate
Anzahl Personen mit jedem Resultat
Perzentil nach korrekt beantworteten Fragen
Ihre Resultats-Entwicklung
Sie haben dieses Quiz noch nicht gespielt